Cultura generale ITA #10 - Statistics

Statistiche generali
  • Questo quiz è stato fatto 560 volte
  • Il punteggio medio è 12 su 20
Statistiche sulle risposte
Hint Risposta % Corretto
Paese natale di Papa Francesco Argentina
92%
Birra sarda Ichnusa
89%
L'invenzione per cui è più famoso Galileo (anche se tecnicamente il nome non è preciso) Telescopio ottico
88%
Presidente della Repubblica Italiana prima di Sergio Mattarella Giorgio Napolitano
84%
Fiume che passa sotto Ponte Vecchio Arno
83%
Isola greca dalla quale viene il termine per indicare l'omosessualità femminile Lesbo
83%
I numeri naturali che se divisi per due non danno resto Pari
83%
Famosa trasmissione condotta da Fabio Fazio, prima in Rai e ora su Nove Che tempo che fa
74%
Gruppo in cui suonava Kurt Cobain Nirvana
72%
Uomo afroamericano la cui morte, causata dall'abuso di potere di un agente di polizia, ha portato a molte manifestazioni contro l'eccessiva violenza dei corpi armati George Floyd
70%
Salsa tipica del Medio Oriente a base di pasta di ceci Hummus
69%
Paese con cui gli Stati Uniti sono stati de facto in guerra tra fine la seconda guerra mondiale e il 1975 Vietnam del Nord
64%
Pesce dalle cui uova si ottiene, tramite lavorazione e salatura, il caviale Storione
63%
Monumento a Roma che celebra la conquista della Dacia da parte dell'Impero Romano Colonna Traiana
37%
Nome dei numeri scritti utilizzando le cifre da 0 a 9 Numeri arabi
30%
Azienda statunitense di grafica, famosa per aver sviluppato il sistema identificativo standard dei colori Pantone
24%
Film del 1991 diretto da Gabriele Salvatores, vincitore dell'Oscar al miglior film in lingua straniera Mediterraneo
21%
Protagonista del racconto omonimo dell'autrice svizzera Johanna Spyri, resa famosa da varie serie animate giapponesi Heidi
20%
Città in cui è avvenuto il giuramento della Lega Lombarda nel 1167 Pontida
19%
Quello per cui è famoso Rob Brezsny Oroscopo
3%
Nessun quiz corrispondente trovato
Distribuzione punteggi
Percentuale di utenti per punteggio
Percentile per numero di risposta
I tuoi punteggi nel tempo
Non hai fatto questo quiz